02261cam a2200361 i 450000100190000000500170001900800410003602000180007703500410009503500240013604000440016004100200020405000290022410000300025324000400028324500870032326000380041030000230044850000320047150000800050352008700058365000300145365000360148365000300151965000380154965100340158765100680162170000380168970000440172794200080177195201050177999900150188499110747201970619620251215120603.0241003s2025 enk 000 f eng d a9780241600269 a(OCoLC)1493148338z(OCoLC)1493154275 a(OCoLC)on1493148338 aUKYRKbengerdacUKYRKdOCLCOdQGQdYDX1 aEnglishhKorean 4aPL992.26.K36bC4513 2025 aHan, Kang d1970-eauthor10aChakpyŏl haji annŭnda.lEnglish10aWe do not part c/ Han Kang ; translated by Emily Yae Won and Paige Aniyah Morris. aLondon :bHamish Hamilton,c2025. a374 pages ;c23 cm aTranslated from the Korean. aOriginally published in South Korea as "Chakpyŏl haji annŭnda" in 2021.8 aOne morning in December, Kyungha is called to her friend Inseon's hospital bedside. Airlifted to Seoul for an operation following a wood-chopping accident, Inseon is bedridden and begs Kyungha to take the first plane to her home on Jeju Island to feed her pet bird, who will quickly die unless it receives food. Unfortunately, as Kyungha arrives a snowstorm hits. Lost in a world of snow, she begins to wonder if she will arrive in time to save the bird - or even survive the terrible cold that envelops her with every step. But she doesn't yet suspect the darkness which awaits her at her friend's house. There, the long-buried story of Inseon's family surges into light, in dreams and memories passed from mother to daughter, and in a painstakingly assembled archive, documenting the terrible massacre seventy years before that saw 30,000 Jeju civilians murdered. 0aFamilies vFiction922172 0aMissing personsvFiction924148 0aBlizzardsvFiction926584 0aFemale friendshipvFiction923996 0aKorea (South)vFiction926585 0aKorea (South)xHistoryyChejudo Rebellion, 1948vFiction926586 aYae Won, Emilyetranslator925805 aMorris, Paige Aniyahetranslator925806 2ddc 00102lcc4070aTBSbTBSd2025-08-28l2oP-EN KANpB05622r2026-02-18s2026-01-26t1w2025-08-28y1 c4885d4885